书目信息 |
| 题名: |
不幽默,你就别做教师
|
|
| 作者: | 王微 著 | |
| 分册: | ||
| 出版信息: | 北京 北京师范大学出版社 2011.5 |
|
| 页数: | 256页 | |
| 开本: | 23cm | |
| 丛书名: | ||
| 单 册: | ||
| 中图分类: | G52-53 | |
| 科图分类: | ||
| 主题词: | 教育工作--中国--现代--文集 | |
| 电子资源: | ||
| ISBN: | 978-7-303-12215-8 | |
| 000 | 00864nam0 2200241 45 | |
| 001 | 512 | |
| 005 | 20120531162944.79 | |
| 010 | @a978-7-303-12215-8@dCNY36.00 | |
| 100 | @a20120328d2011 em y0chiy50 ea | |
| 101 | 0 | @achi |
| 102 | @aCN@b110000 | |
| 105 | @ay z 000yy | |
| 106 | @ar | |
| 200 | 1 | @a不幽默,你就别做教师@ABu You Mo, Ni Jiu Bie Zuo Jiao Shi@f王微著@FWang Wei Zhu |
| 210 | @a北京@c北京师范大学出版社@d2011.5 | |
| 215 | @a256页@d23cm | |
| 300 | @a京师教育随笔 | |
| 330 | @a本书分为“品味课堂”、“守望心灵”、“教育往事”、“感悟幸福”四辑,收录了《数学解题欣赏是对心灵的洗礼》、《幽默成就数学魅力课堂》、《一个冰清玉洁的女孩》、《情人节记事》、《体验及经历》等随笔作品。 | |
| 606 | 0 | @a教育工作@y中国@z现代@j文集 |
| 690 | @aG52-53@v4 | |
| 701 | 0 | @a王微@AWang Wei@4著 |
| 801 | 0 | @aCN@bTSTCL@c20120328 |
| 905 | @b0811985-89@dG52-53@e148@f5 | |
| 不幽默,你就别做教师/王微著.-北京:北京师范大学出版社,2011.5 |
| 256页;23cm |
| 京师教育随笔 |
| ISBN 978-7-303-12215-8:CNY36.00 |
| 本书分为“品味课堂”、“守望心灵”、“教育往事”、“感悟幸福”四辑,收录了《数学解题欣赏是对心灵的洗礼》、《幽默成就数学魅力课堂》、《一个冰清玉洁的女孩》、《情人节记事》、《体验及经历》等随笔作品。 |
| ● |
| 相关链接 |
|
|
|
|
正题名:不幽默,你就别做教师
索取号:G52-53/148
 
预约/预借
| 序号 | 登录号 | 条形码 | 馆藏地/架位号 | 状态 | 备注 |
| 1 | 0811985 | 208119855 | 第一样本阅览室/ [索取号:G52-53/148] | 在馆 | |
| 2 | 0811986 | 208119864 | 第四借阅区/ [索取号:G52-53/148] | 在馆 | |
| 3 | 0811987 | 208119873 | 第四借阅区/ [索取号:G52-53/148] | 在馆 | |
| 4 | 0811988 | 208119882 | 第四借阅区/ [索取号:G52-53/148] | 在馆 | |
| 5 | 0811989 | 208119891 | 第四借阅区/ [索取号:G52-53/148] | 在馆 |